Klastre, výhody členstva v klastri
Klastre sú dnes už dôležitým nástrojom na podporu rozvoja priemyslu, inovácií, konkurencieschopnosti a hospodárskeho rastu. Hoci ide hlavne o riadenie úsilia súkromných organizácií, sú klastre ovplyvňované mnohými ďalšími aktérmi vrátane vlády a ostatných verejných inštitúcií na národnej a regionáln...
Guardado en:
| Autor principal: | |
|---|---|
| Otros Autores: | , |
| Formato: | Capítulo de libro |
| Lenguaje: | eslovaco |
| Materias: | |
| Etiquetas: |
Sin Etiquetas, Sea el primero en etiquetar este registro!
|
MARC
| LEADER | 00000nla a2200000 4500 | ||
|---|---|---|---|
| 001 | 0178524 | ||
| 005 | 20240603081304.0 | ||
| 041 | 0 | |a slo | |
| 044 | |a SK | ||
| 245 | 1 | 0 | |a Klastre, výhody členstva v klastri |c Vojtech Ferencz, Jaroslav Dugas, Renáta Turisová |
| 520 | |a Klastre sú dnes už dôležitým nástrojom na podporu rozvoja priemyslu, inovácií, konkurencieschopnosti a hospodárskeho rastu. Hoci ide hlavne o riadenie úsilia súkromných organizácií, sú klastre ovplyvňované mnohými ďalšími aktérmi vrátane vlády a ostatných verejných inštitúcií na národnej a regionálnej úrovni. Podniky sa stali jadrom záujmu Lisabonskej stratégie, ktorej zámerom je, aby sa Európska únia stala najkonkurencieschopnejšou a najdynamickejšie sa vyvíjajúcou ekonomikou na svete, ktorá je schopná si udržať dlhodobý rast. Za jeden z významných nástrojov, ako naplniť tento cieľ, sú práve klastre. Tento koncept je založený na spolupráci firiem, výskumných inštitúcií a inštitúcií terciárneho vzdelávania a jeho rozvoj by mal mať priaznivý vplyv tak na regionálne, ako aj celonárodné ekonomiky. | ||
| 610 | 2 | 0 | |a kooperácia |
| 610 | 2 | 0 | |a rozvoj regionálny |
| 610 | 2 | 0 | |a konkurencia |
| 610 | 2 | 0 | |a klaster |
| 610 | 2 | 0 | |a stratégia inovačná |
| 100 | 1 | |a Ferencz, Vojtech | |
| 700 | 1 | |a Dugas, Jaroslav, 1967- | |
| 700 | 1 | |a Turisová, Renáta | |